000 00817nam 22002413 4500
001 200247
010 _a978-989-23-0653-7
021 _aPT
_b298306/09
090 _a200247
100 _a20260128d u||y0pory50 ba
200 _aO aniversário de Astérix e Obélix
_ftexto de René Goscinny e Albert Uderzo, desenhos de Albert Uderzo
_eo livro de ouro
_gtradução de Maria José Magalhães Pereira e Ana Paula Duarte Caetano
205 _a
210 _aAlfragide
_cEdições Asa II
_d2009
215 _a53, [4] p.
_cil. ; encadernado
_d30 cm
225 _aAstérix
606 _91586
_aDesenho Artístico
610 _aBanda Desenhada
675 _a74
_vPT
_zpor
700 _9823
_aGoscinny
_bRené
_f1926-1977
701 _9824
_aUderzo
_bAlbert
_f1927-2020
801 _aPT
_bBMMN
_gRPC
830 _cIsabel
990 _cLIVROS